D-gyűrűben módosított nitrogéntartalmú szteroidok szintézise

Elmentve itt :
Bibliográfiai részletek
Szerző: Magyar Angéla Andrea
További közreműködők: Wölfling János (Témavezető)
Dokumentumtípus: Disszertáció
Megjelent: 2004
Tárgyszavak:
Online Access:http://doktori.ek.szte.hu/548
LEADER 01018nta a2200217 i 4500
001 dokt548
005 20200207160604.0
008 100309s2004 hu om 0|| hun d
040 |a SZTE Doktori Repozitórium  |b hun 
041 |a hun 
100 1 |a Magyar Angéla Andrea 
245 1 0 |a D-gyűrűben módosított nitrogéntartalmú szteroidok szintézise  |h [elektronikus dokumentum] /  |c  Magyar Angéla Andrea 
246 1 0 |a Syntheses of Nitrogen-Containing Ring D-Modified Steroids  |h [elektronikus dokumentum] 
260 |c 2004 
502 |a Disszertacio 
650 4 |a kémiai tudományok 
700 1 |a Wölfling János  |e ths 
856 4 0 |u https://doktori.bibl.u-szeged.hu/id/eprint/548/1/de_1000.pdf  |z Dokumentum-elérés  
856 4 0 |u https://doktori.bibl.u-szeged.hu/id/eprint/548/3/tz_eredeti1000.pdf  |z Dokumentum-elérés  
856 4 0 |u https://doktori.bibl.u-szeged.hu/id/eprint/548/2/tz_en1000.pdf  |z Dokumentum-elérés  
856 4 0 |u https://doktori.bibl.u-szeged.hu/id/eprint/548/10/2003_magyar_angela_birl.pdf  |z Dokumentum-elérés